| 000 | 00651nam a22001817a 4500 | ||
|---|---|---|---|
| 005 | 20231031105256.0 | ||
| 008 | 231031b |||||||| |||| 00| 0 eng d | ||
| 020 | _a0421229403 | ||
| 041 | _aEnglish | ||
| 082 | _a346.7 BYL | ||
| 100 |
_aMegrah, M; Ryder, FR and Bueno, A _lEnglish |
||
| 245 |
_aByles on Bills of Exchange : _bThe Law of Bills of Exchange, Promissory Notes, Bank Notes and Cheques / _cM Megrah, FR Ryder and A Bueno |
||
| 250 | _aTwenty-Fourth Edition | ||
| 260 |
_aLondon : _bSweet and Maxwell, _c1979 |
||
| 300 |
_blxxxiii, 509 pages ; _c26 cm. |
||
| 650 |
_alegal practice _bLaw |
||
| 942 |
_cBK _6ALISON_BN_VRIES |
||
| 999 |
_c181 _d181 |
||